[Event "Araraquara op"]
[Site "Araraquara"]
[Date "2023.02.20"]
[Round "3.48"]
[White "De Souza, Carlos Alberto"]
[Black "Cecilio, Joao Marcelo Olivei"]
[Result "0-1"]
[WhiteElo "1462"]
[BlackElo "1800"]
[PlyCount "48"]
[EventDate "2023.02.19"]
[EventType "swiss"]
[EventRounds "6"]
[EventCountry "BRA"]
[SourceTitle "CBM 213 Extra"]
[Source "ChessBase"]
[SourceDate "2023.05.31"]
[SourceVersion "1"]
[SourceVersionDate "2023.05.31"]
[SourceQuality "1"]

1. e4 c5 2. c4 Nc6 3. Nc3 g6 4. g3 Bg7 5. Bg2 e6 6. d3 a6 7. Bd2 Rb8 8. Rb1 b5 9. b3 Nge7 10. Nf3 0-0 11. 0-0 d6 12. Qc1 Nb4 13. Ne1 Bxc3 14. Qxc3 Nxa2 15. Qb2 Nb4 16. Bh6 e5 17. Bxf8 Qxf8 18. Qd2 Be6 19. Nc2 Nec6 20. Ra1 Nxc2 21. Qxc2 Nd4 22. Qd1 Qc8 23. f4 Bg4 24. Bf3 Nxf3+ 0-1